| 000 | 00999cam a22002535a 4500 | ||
|---|---|---|---|
| 001 | 17938106 | ||
| 005 | 20180521120724.0 | ||
| 008 | 131112t2014 au a frb 001 0 eng d | ||
| 020 | _a9783709115671 | ||
| 040 |
_aIND _beng _cIND _dOCLCF _dOHX _dYDXCP _dBTCTA _dU3W _dDLC _dEG-ScBUE |
||
| 082 | 0 | 4 |
_222 _a004.6782 _bCLO |
| 245 | 0 | 0 |
_aCloud computing patterns : _bfundamentals to design, build, and manage cloud applications / _cChristoph Fehling ... [et al.] |
| 260 |
_aWien : _bSpringer, _cc.2014. |
||
| 300 |
_axxvi, 367 p. : _bill. ; _c24 cm. |
||
| 504 | _aIncludes bibliographical references and index. | ||
| 650 | 7 |
_aCloud computing. _2BUEsh _937309 |
|
| 650 | 7 |
_aWeb services. _2BUEsh _940141 |
|
| 651 | _2BUEsh | ||
| 653 |
_bCOMSCI _cMay2018 |
||
| 700 | 1 | _aFehling, Cristoph. | |
| 856 | 4 | 2 |
_3Publisher description _uhttps://www.loc.gov/catdir/enhancements/fy1622/2013955000-d.html |
| 856 | 4 | 1 |
_3Table of contents only _uhttps://www.loc.gov/catdir/enhancements/fy1622/2013955000-t.html |
| 942 | _2ddc | ||
| 999 |
_c26757 _d26729 |
||